Skúšky odbornej spôsobilosti elektrotechnikov /
Guardado en:
| Autores principales: | , |
|---|---|
| Formato: | Libro |
| Lenguaje: | eslovaco |
| Publicado: |
Bratislava :
Práca,
1986
|
| Edición: | 5.prep.vyd. |
| Etiquetas: |
Sin Etiquetas, Sea el primero en etiquetar este registro!
|
MARC
| LEADER | 00000nam a22000003a 4500 | ||
|---|---|---|---|
| 001 | stu7557 | ||
| 005 | 20150617225806.4 | ||
| 008 | 950328s1986----cs------------------slo-d | ||
| 040 | |a STU |b slo | ||
| 041 | 0 | |a slo | |
| 044 | |a cs | ||
| 080 | |a 621.3 |7 stu_us_auth*stu8325 | ||
| 080 | |a 331.86 |7 stu_us_auth*stu7993 | ||
| 100 | 1 | |a Kremničan, Kazimír |4 aut | |
| 245 | 1 | |a Skúšky odbornej spôsobilosti elektrotechnikov / |c [aut.] Kremničan,Kazimír; Ďurďovič,Anton | |
| 250 | |a 5.prep.vyd. | ||
| 260 | |a Bratislava : |b Práca, |c 1986 | ||
| 300 | |a 393 s | ||
| 700 | 1 | |a Ďurďovič, Anton |4 aut | |
| 996 | |b E61591 |c E*61591 |l EE06 |s P |a 0 |w stu7557_0001 | ||
| 996 | |b E61592 |c E*61592 |l EE06 |s P |a 0 |w stu7557_0002 | ||
| 996 | |b E61593 |c E*61593 |l EE06 |s P |a 0 |w stu7557_0003 | ||
| 996 | |b E61594 |c E*61594 |l EE06 |s P |a 0 |w stu7557_0004 | ||
| 996 | |b E61595 |c E*61595 |l EE06 |s P |a 0 |w stu7557_0005 | ||
| 996 | |b E61596 |c E*61596 |l EE06 |s P |a 0 |w stu7557_0006 | ||
| 996 | |b E61599 |c E*61599 |l EE06 |s P |a 0 |w stu7557_0007 | ||
| 996 | |b E61600 |c E*61600 |l EE06 |s P |a 0 |w stu7557_0008 | ||